Lingüística general

Sparad:
Bibliografiska uppgifter
Huvudupphovsman: Robins, R. B.
Materialtyp: Bok
Språk:Undetermined
Publicerad: Madrid, España Editorial Gredos 1971
Ämnen:
Taggar: Lägg till en tagg
Inga taggar, Lägg till första taggen!

MARC

LEADER 00000nam a2200000Ia 4500
008 170316s9999 xx 000 0 und d
090 |a 410 R-13L 
100 |a Robins, R. B. 
245 |a Lingüística general 
260 |a Madrid, España 
260 |b Editorial Gredos 
260 |c 1971 
300 |a 488 páginas 
650 |a LINGÜÍSTICA 
999 |c 18702  |d 18702 
040 |a cru BVZT 
942 |c 15 D  |h 410 R-13L  |2 z